000 01155cam a2200277 a 4500
001 vtls003225523
003 MY-SjTCS
005 20200226113904.0
008 111103s2010 enkab b 001 0 eng
020 _a9781844078486 (hbk.)
020 _a1844078485 (hbk.)
039 9 _a201202021154
_bmuhammad_fadzli
_c201202021152
_dmuhammad_fadzli
_y201111030827
_zshaqilah
082 0 4 _a910.911
_bCRU 2010
245 0 0 _aCruise tourism in polar regions :
_bpromoting environmental and social sustainability?
_cedited by Michael Luck, Patrick T. Maher and Emma J. Stewart.
260 _aLondon ;
_aWashington, DC :
_bEarthscan,
_c2010.
300 _axxvi, 246 p. :
_bill., maps ;
_c24 cm.
504 _aIncludes bibliographical references and index.
650 0 _aTourism
_zPolar regions.
_926161
650 0 _aOcean travel
_xEnvironmental aspects
_zPolar regions.
650 0 _aSustainable tourism
_zPolar regions.
651 0 _aPolar regions
_xEnvironmental conditions.
700 1 _aLuck, Michael,
_d1966-
_957191
700 1 _aMaher, Patrick T.
_q(Patrick Timothy)
_957192
700 1 _aStewart, Emma J.
_q(Emma Julie),
_d1972-
_957193
920 _aSHT : 175175
999 _c123480